000 00491nam a2200133Ia 4500
008 220204s9999 xx 000 0 und d
082 _a631.67
_bCAL.2
245 0 _aDrip/trickle irrigation in action. V 2.
260 _aMichigan
_bASAE
_c1985
490 _aASAE publication; no 10-85
505 _aProceedings of the third international drip/trickle irrigation congress, November 18-21, 1985 Centre Plaza Holiday Inn Fresno, California USA
650 _aDrip/trickle irrigation
942 _cBK
999 _c39363
_d39363